01635cam a22003857a 4500003000500000005001700005008004100022010001000063011001000073035001000083040000900093090001000102100003400112245014500146260004000291300001900331502007100350590003700421590004100458590004100499590004100540590004200581650002800623650001900651650003300670901000700703942000900710949003500719949004000754949004700794999001700841952013200858952013200990952012701122CHAP20220329141732.0971013s1983 r 00010 d a73027 a73999 a83557 cCHAP aTesis00aAlavez López, Sergio.93405 0aEstudio preliminar de los cercos vivos en la ganadería de Teapa, Tabasco; manejo de árboles en los potreros, una técnica silvopastoril aChapingo, Méx. :bEl autor,c1983 a77 h.b: ilus. aTesis (Ing. Agr. Esp. en Bosques) -- UACH. Departamento de Bosques aALEPHb10c20130110lUCH01h1415 aBATCH-UPDb10c20130110lUCH01h0745 aBATCH-UPDb10c20130410lUCH01h0426 aBATCH-UPDb10c20130913lUCH01h2208 aCONVERSIONb10c20130109lUCH01h134014aAgroforestería.9215614aCercos.92135014aGanaderíazTabasco.944869 aBK cFOLL bBCcTESd-38176eTS1i83557si bBCcTESd-38178eTS2fc.2i83557si bBCcTESd-38179eTS2fc.3h21643i83557si c73027d73027 00102local4053708TESISaBCbBCcPA_TESISd2012-12-17fTESISl0oTesisp-38178r2019-12-31 00:00:00tc.2w2019-12-31yTESIS 00102local4053708TESISaBCbBCcPA_TESISd2012-12-17fTESISl0oTesisp-38179r2019-12-31 00:00:00tc.3w2019-12-31yTESIS 00102local4051708TESISaBCbBCcPA_TESISd2019-12-31fTESISl0oTesisp-38176r2019-12-31 00:00:00w2019-12-31yTESIS